00549nam a22001457a 4500003000500000005001700005082001700022100004400039245008700083260004000170300001600210942001200226999001900238952014600257NUST20221007094055.0 a823.912, QAY aQayoom, Maj Gen (R) Main Abdul 999432 aBelated Swan Song: bA Military Biography /cMaj Gen (R) Main Abdul Qayoom, HI (M) aPakistan bCreative Plus Pub c2022 a284: pages  2ddccBK c591560d591560 00102ddc4070aMCSbMCScGENd2022-10-07l1o823.912,QAYpMCS38604r2023-04-12s2023-04-11w2022-10-07yBKzAlmirah Fresh No.45, Shelf No.6